000 00361nam a2200157Ia 4500
003 Ost
005 20260225132555.0
008 260225s9999||||xx |||||||||||||| ||und||
040 _cfsic
041 _afre
082 _a440
100 _aPascal Bonitzer
_eAuteur
245 0 _aPeinture et cinéma décadrages /
245 0 _cPascal Bonitzer
942 _cكتاب
999 _c34396
_d34396